000
00337nam a2200133 4500
999
_c
508950
_d
508950
008
190416b ||||| |||| 00| 0 eng d
100
_a
Tomar, Narendra Singh
_9
4478
245
_a
Sabki yojana, sabka vikas
260
_c
2018
300
_a
p.26-30.
773
_a
Kurukshetra
906
_a
Village panchayats - India
942
_2
ddc
_c
AR